Exceptional learners : (Record no. 13422)
[ view plain ]
| 000 -LEADER | |
|---|---|
| fixed length control field | 00442cam a2200145 a 4500 |
| 020 ## - INTERNATIONAL STANDARD BOOK NUMBER | |
| International Standard Book Number | 9780205350292 |
| 050 00 - LIBRARY OF CONGRESS CALL NUMBER | |
| Classification number | LC3981 |
| Item number | .H34 2003 |
| 100 1# - MAIN ENTRY--PERSONAL NAME | |
| Personal name | Hallahan, Daniel P., |
| Dates associated with a name | 1944- |
| 245 10 - TITLE STATEMENT | |
| Title | Exceptional learners : |
| Remainder of title | introduction to special education / |
| Statement of responsibility, etc. | Daniel P. Hallahan, James M. Kauffman. |
| 250 ## - EDITION STATEMENT | |
| Edition statement | 9th ed. |
| 260 ## - PUBLICATION, DISTRIBUTION, ETC. (IMPRINT) | |
| Place of publication, distribution, etc. | Boston : |
| Name of publisher, distributor, etc. | Allyn & Bacon, |
| Date of publication, distribution, etc. | c2003. |
| 300 ## - PHYSICAL DESCRIPTION | |
| Extent | xxi, 591 p. : |
| 700 1# - ADDED ENTRY--PERSONAL NAME | |
| Personal name | Kauffman, James M. |
| 942 ## - ADDED ENTRY ELEMENTS (KOHA) | |
| Source of classification or shelving scheme | Library of Congress Classification |
| Koha item type | General circulation |
| Withdrawn status | Lost status | Source of classification or shelving scheme | Damaged status | Not for loan | Home library | Current library | Shelving location | Date acquired | Source of acquisition | Total Checkouts | Full call number | Barcode | Date last seen | Price effective from | Koha item type | Public note |
|---|---|---|---|---|---|---|---|---|---|---|---|---|---|---|---|---|
| Library of Congress Classification | SEHSS - Library | SEHSS - Library | General Stacks | 05/05/2016 | Donations- Books for Africa | [EHS] LC 3981 .H34 2003 | 2016/016855 | 05/05/2016 | 05/05/2016 | General circulation | amm |